Instituciones de Derecho Cívil / (Record no. 146272)

MARC details
000 -LEADER
campo de control de longitud fija 00733nam a2200217 i 4500
001 - NÚMERO DE CONTROL
campo de control 146272
003 - IDENTIFICADOR DE NÚMERO DE CONTROL
campo de control ES-MaACL
005 - FECHA Y HORA DE LA ÚLTIMA TRANSACCIÓN
campo de control 20250808084751.0
007 - CAMPO FIJO DE DESCRIPCIÓN FÍSICA--INFORMACIÓN GENERAL
campo de control de longitud fija t|
008 - DATOS DE LONGITUD FIJA--INFORMACIÓN GENERAL
campo de control de longitud fija 070906s1967 sp ||||1| spa d
080 ## - NÚMERO DE LA CLASIFICACIÓN DECIMAL UNIVERSAL
Número de la Clasificación Decimal Universal 347(45)(075.8)
100 1# - ENTRADA PRINCIPAL--NOMBRE DE PERSONA
Nombre de persona Trabucchi, Alberto.
9 (RLIN) 111205
245 10 - MENCIÓN DEL TÍTULO
Título Instituciones de Derecho Cívil /
Mención de responsabilidad, etc. Alberto Trabucchi ; traducción... con notas... por Luis Martínez-Calcerrada.
260 ## - PUBLICACIÓN, DISTRIBUCIÓN, ETC.
Lugar de publicación, distribución, etc. Madrid :
Nombre del editor, distribuidor, etc. Revista de Derecho Privado,
Fecha de publicación, distribución, etc. [1967]
300 ## - DESCRIPCIÓN FÍSICA
Extensión 2 v. ;
Dimensiones 23 cm.
650 #7 - PUNTO DE ACCESO ADICIONAL DE MATERIA--TÉRMINO DE MATERIA
Término de materia o nombre geográfico como elemento de entrada Derecho civil-
Subdivisión geográfica Italia
Fuente del encabezamiento o término
9 (RLIN) 151730
700 1# - ENTRADA AGREGADA--NOMBRE PERSONAL
Nombre de persona Martínez-Calcerrada, Luis.
9 (RLIN) 77909
710 2# - ENTRADA AGREGADA--NOMBRE DE ENTIDAD CORPORATIVA
Nombre de entidad corporativa o nombre de jurisdicción como elemento de entrada Revista de Derecho Privado.
9 (RLIN) 6443
852 ## - LOCALIZACIÓN
Ubicación ES-MaACL
Número de control de estantería C-32035-6
Sublocalización o colección R.62444
Holdings
Estatus retirado Estado de pérdida Estado de daño No para préstamo Biblioteca de origen Biblioteca actual Ubicación en estantería Fecha de adquisición Fuente de adquisición Total de préstamos Signatura topográfica completa Código de barras Visto por última vez Precio de reemplazo Tipo de ítem Koha
        Biblioteca del Ateneo de Madrid Biblioteca del Ateneo de Madrid Depósito 2 17/01/2008     C-32035-6 1152672 23/02/2023 23/02/2023 Libro impreso